logo

Bir Sreshtho Munshi Abdur Rouf Library
Jhenaidah Cadet College

Installation and maintenance of woodworking machinery (Record no. 5662)

MARC details
000 -LEADER
fixed length control field 00928cam a2200253 4500
001 - CONTROL NUMBER
JCCL Control Number 5662
003 - CONTROL NUMBER IDENTIFIER
JCCL marc code BD-JhCC
005 - DATE AND TIME OF LATEST TRANSACTION
control field 20171219171404.0
008 - FIXED-LENGTH DATA ELEMENTS--GENERAL INFORMATION
fixed length control field 710423s1967 ru ak 000 0 eng
035 ## - SYSTEM CONTROL NUMBER
system control number (BD-JhCC)5662
040 ## - CATALOGING SOURCE
Original cataloging agency DLC
Transcribing agency DLC
Modifying agency DLC
-- BD-JhCC
041 1# - LANGUAGE CODE
Language code of Book engrus
050 00 - LIBRARY OF CONGRESS CALL NUMBER
Classification number TS850
Item number .S4413
082 ## - DEWEY DECIMAL CLASSIFICATION NUMBER
Classification number 674.4
Author mark and Year SHE 1967
100 1# - MAIN ENTRY--PERSONAL NAME
Personal name Sheĭnov, Ivan Ignatʹevich.
240 10 - UNIFORM TITLE
Uniform title Montazh, ėkspluatat︠s︡ii︠a︡ i remont derevoobrabatyvai︠u︡shchego oborudovanii︠a︡.
245 10 - TITLE STATEMENT
Title Installation and maintenance of woodworking machinery
Statement of responsibility, etc [by] I. Sheinov. Translated from the Russian by L. Zelikoff.
260 ## - PUBLICATION, DISTRIBUTION, ETC. (IMPRINT)
Place of publication, distribution, etc Moscow,
Name of publisher, distributor, etc Mir Publishers,
Date of publication, distribution, etc 1967.
300 ## - PHYSICAL DESCRIPTION
Pagination 301 p.
Other physical details illus., forms.
Dimensions 22 cm.
500 ## - GENERAL NOTE
General note Translation of Montazh, ėkspluatat︠s︡ii︠a︡ i remont derevoobrabatyvai︠u︡shchego oborudovani︠a︡.
650 #0 - SUBJECT ADDED ENTRY--TOPICAL TERM
Topical term or geographic name as entry element Woodworking machinery.
942 ## - ADDED ENTRY ELEMENTS (KOHA)
Source of classification or shelving scheme Dewey Decimal Classification
Koha item type Books
Holdings
Source of classification or shelving scheme Damaged status Not for loan Home library Current library Shelving location Total Checkouts Full call number Barcode Date last seen Copy number Koha item type
Dewey Decimal Classification     JCC Rouf Library JCC Rouf Library General Stacks   674.4 SHE 1967 7827 12/19/2017 C - 1 Books

JCC Library | Contacts | JCC Home

Last Update on 23 September 2017
Copyright @ 2017-2020 JCC Rouf Library
Rouf Library, Jhenidah Cadet College (JCC), Bangladesh